| 000 | 00677nma a22002057a 4500 | ||
|---|---|---|---|
| 006 | g q || | ||
| 999 |
_c50319 _d50319 |
||
| 005 | 20210325200542.0 | ||
| 008 | s2548 th tha d | ||
| 040 | _aNALT | ||
| 041 | _atha | ||
| 090 | _aCD 932/1,CD 932/2 | ||
| 245 | 1 | 0 | _aคุณหญิงพจมาน ชินวัตร คือ คนที่ยืนเคียงข้าง [CD-ROM]. |
| 260 |
_aม.ป.ท. : _bม.ป.พ., _c2548. |
||
| 300 | _a1 แผ่นsd., col. | ||
| 650 | 0 | 4 | _aเพลงไทยสากล |
| 650 | 0 | 4 | _aพจมาน ชินวัตร, คุณหญิง |
| 850 | _aNALT | ||
| 942 |
_cCD _2lcc |
||